000 00651cam a2200193 4500
001 WB3621-32
008 000000n2000 000 0 eng u
035 _a(Sirsi) u106152
245 _aBridleway map will promote horseback tours
260 _c2000
490 _aTimes
_v 29 May 2000, 9(1)
520 _aA national network of bridleways is being planned to encourage more journeys on horseback. The 'H-Ways' will follow existing routes of the road system such as the A1 and M25.
590 _aWB
650 _aBRIDLEWAYS
650 _aHORSE RIDING
650 _aBRITISH HORSE SOCIETY
690 _aTRANSPORT AND COMMUNICATIONS
942 _n0
999 _c63593
_d63593